000
00268nam a2200109Ia 4500
001
588701
005
20250717120836.0
008
250717s9999 xx 000 0 und d
245
0
_a
Y-5 TÜRK OKÇULU
_c
PAUL E. KLOPSTEG
260
_b
ERDEM YAYINLARI
_c
2019
300
_b
271
999
_c
588701
_d
588701